|
|
|
|
| LEADER |
01512cam a2200433 a 4500 |
| 001 |
nkc20081816519 |
| 003 |
CZ PrNK |
| 005 |
20090220083452.0 |
| 007 |
ta |
| 008 |
081003s2008 xr a g 000 h cze d |
| 015 |
|
|
|a cnb001816519
|
| 020 |
|
|
|a 978-80-257-0053-2
|q (váz.)
|
| 035 |
|
|
|a (OCoLC)316298362
|
| 040 |
|
|
|a ULG001
|b cze
|d OLA001
|d BOA001
|d ABA001
|
| 041 |
1 |
|
|a cze
|h eng
|
| 072 |
|
7 |
|a 17
|x Etika. Morální filozofie
|2 Konspekt
|9 5
|
| 080 |
|
|
|a 173.5/.7
|2 MRF
|
| 080 |
|
|
|a 82-7
|2 MRF
|
| 080 |
|
|
|a 17.02
|2 MRF
|
| 080 |
|
|
|a (0:82-84)
|2 MRF
|
| 100 |
1 |
|
|a Brett, Simon,
|d 1945-
|7 jn19990001082
|4 aut
|
| 245 |
1 |
0 |
|a Jak na prevíta :
|b rady pro babičky a dědečky /
|c Simon Brett ; [přeložila Dana Vlčková ; ilustrace Alex Hallatt]
|
| 246 |
3 |
|
|a Rady pro babičky a dědečky - jak na prevíta
|
| 260 |
|
|
|a Praha :
|b Argo,
|c 2008
|
| 300 |
|
|
|a 94 s. :
|b barev. il. ;
|c 12 cm
|
| 500 |
|
|
|a Přeloženo z angličtiny
|
| 650 |
0 |
7 |
|a prarodiče a vnoučata
|7 ph124553
|x humor
|2 czenas
|
| 650 |
0 |
7 |
|a životní moudrost
|7 ph128026
|2 czenas
|
| 650 |
0 |
9 |
|a grandparents and children
|x humor
|2 eczenas
|
| 650 |
0 |
9 |
|a life wisdom
|2 eczenas
|
| 655 |
|
7 |
|a aforismy
|7 fd131784
|2 czenas
|
| 655 |
|
9 |
|a aphorisms
|2 eczenas
|
| 700 |
1 |
|
|a Hallatt, Alex,
|d 1969-
|7 xx0084918
|4 ill
|
| 765 |
0 |
|
|t Baby tips for grandparents
|9 Česky
|
| 910 |
2 |
|
|a BOA001
|b S-1214.779
|
| 990 |
|
|
|a BK
|
| 995 |
|
|
|a 01
|
| 991 |
|
|
|b 200901
|
| 996 |
6 |
|
|b 2610357127
|c S-1214.779
|l MZK
|r Sklad / do 24 hodin
|n 2
|p p.v.
|w 000925036
|u 000010
|a 1
|e BOA001
|j MZK50
|s P
|